| 000 | 01412nam0a2200385 4500 | ||
|---|---|---|---|
| 001 | RU\NLR\bibl\211994 | ||
| 005 | 20250619101202.0 | ||
| 010 |
_a5-93339-017-8 _910000 |
||
| 021 |
_aRU _b2001-33820 _91608 |
||
| 035 | _a(NLR Aleph) 000208196 | ||
| 090 |
_a1208021 _c1208021 |
||
| 100 | _a20011129d2001 |||y0rusy50 ca | ||
| 101 | 0 | _arus | |
| 102 | _aRU | ||
| 105 | _ay ||||||||| | ||
| 200 | 1 |
_aСердечно-сосудистые заболевания _iХроническая сердечная недостаточность _fБ. Б. Бондаренко |
|
| 210 |
_aСПб. _cЧеловек _d2001 |
||
| 215 |
_a16 с. _d21 |
||
| 225 | 1 | _aБиблиотека "Врач-пациенту" | |
| 606 | 0 |
_aСердечно-сосудистая система _xБолезни _9915427 _3RU\NLR\auth\6615478 |
|
| 606 | 0 |
_aСердечная недостаточность _9903530 _3RU\NLR\auth\668868 |
|
| 610 | 0 | _aСердечно-сосудистая недостаточность хроническая | |
| 675 |
_a616.12-008.46 _v3 _zrus |
||
| 686 |
_a76.29 _2rugasnti |
||
| 686 |
_a54.101 _2rubbk |
||
| 686 | _aР410 | ||
| 686 | _aР410.09 | ||
| 700 | 1 |
_aБондаренко _gБорис Борисович _4070 |
|
| 801 | 0 |
_aRU _bRKP _c20011129 _gPSBO |
|
| 801 | 1 |
_aRU _bRKP _c20011129 |
|
| 801 | 2 |
_aRU _bNLR _c20011220 _grcr |
|
| 942 | _cBOOK | ||
| 980 | _aNB | ||